1845 1430 1177 1670 1938 1676 1718 1474 1027 1440 1389 1124 2000 1664 1594 1706 1401 1858 1519 1444 1041 1478 1507 1086 1909 1053 1234 1049 1086 1227 1260 1119 1069 1239 1504 1044 1803 1303 1474 1844 1916 1680 1075 1385 1443 1843 1545 1364 1939 1202 1286 1988 1770 1397 1681 1625 1138 1747 1033 1376 1743 1180 1181 1902 1147 1563 1351 1521 1841 1364 1160 1117 1294 1513 1995 1805 1108 1024 1529 1410 1030 1109 1522 1502 1549 1884 1856 1007 1864 1476 1409 1595 1265 1808 1546 1470 1191 1958 1209 BCNSPRNW ULIB Ver.6.0+V

เปลี่ยนเป็นภาษาไทย

Change to English
 แสดงรายละเอียดบรรณานุกรม
  กลับหน้าหลัก

Brief Record : Get Marc (ISO 2709) : E-mail record : QR code < ปิดหน้าต่าง
LEADER : 00000nam 2200000uu 4500
001    13399122757
003     ULIB
008    130913s2555||||th 000 0 tha d
020    ^a9786162790881
060 04 ^aWJ146^bก449
245 00 ^aการใช้ยารักษาโรคระบบปัสสาวะ /^cบรรณาธิการ, วชิร คชการ
250    ^aพิมพ์ครั้งที่ 1
260    ^aกรุงเทพฯ :^bภาควิชาศัลยศาสตร์ โครงการตำรารามาธิบดีคณะแพทยศาสตร์โรงพยาบาลรามาธิบดี มหาวิทยาลัยมหิดล,^c2555
300    ^aviii, 192 หน้า :^bภาพประกอบ ;^c21 ซม.
650  4 ^aปัสสวะ, โรคระบบ^xการรักษาด้วยยา
650  4 ^aระบบปัสสาวะและระบบสืบพันธุ์, โรค^xการรักษาด้วยยา
700 0  ^aวชิร คชการ,^eบรรณาธิการ
710 2  ^aมหาวิทยาลัยมหิดล. ^bคณะแพทยศาสตร์โรงพยาบาลรามาธิบดี.^bโครงการตำรารามาธิบดี
945    ^p450^l0^i20204
945    ^p450^l0^i20205
999    ^aทศพร เกษรทอง
รายการนี้ยังไม่มีแท็ก
คุณยังไม่ได้ล็อกอิน คุณสามารถมีกิจกรรมร่วมกับเว็บไซต์ได้ แต่ต้องล็อกอินก่อน ::
  ล็อกอิน

รายการสื่อสารสนเทศ

ลำดับที่ ประเภท เลขเรียก/บาร์โค้ด สถานที่ สถานะ
1. วิทยาศาสตร์การแพทย์ และสุขภาพ
วิทยาศาสตร์การแพทย์ และสุขภาพ
สถานะ=หนังสือเก่า
WJ146 ก449 ฉ.1 
  Barcode: 20204
ห้องสมุดวิทยาเขตนครสวรรค์
►ส่วนจัดเก็บหนังสือเก่า นว.
บนชั้น
  ขอยืม
2. วิทยาศาสตร์การแพทย์ และสุขภาพ
วิทยาศาสตร์การแพทย์ และสุขภาพ
สถานะ=หนังสือเก่า
WJ146 ก449 ฉ.2 
  Barcode: 20205
ห้องสมุดวิทยาเขตนครสวรรค์
►ส่วนจัดเก็บหนังสือเก่า นว.
บนชั้น
  ขอยืม

BibComment


ยังไม่เคยถูกคอมเมนท์

คอมเมนท์ทรัพยากรรายการนี้
  คอมเมนท์: การใช้ยารักษาโรค..


 Copyright 2026. Bcnsprnw @Library